| 000 | 00436nam a2200169Ia 4500 | ||
|---|---|---|---|
| 008 | 230524s9999 xx 000 0 und d | ||
| 082 |
_a621.382 _bGAN |
||
| 100 | _aB.S Bahl | ||
| 245 | 0 | _aEssential of Physical Chemistry (388p) | |
| 250 | _a2ND | ||
| 260 |
_aCHENNAI _bS.Chand _c2005 |
||
| 300 | _a5.107+84 | ||
| 500 | _aQuantity Number: 2 | ||
| 650 | _aChemistry | ||
| 700 | _a"G.D.Tuli , Arun Bahl , V.K.Bhatia,," | ||
| 942 | _cBK | ||
| 999 |
_c12464 _d12464 |
||